| 000 | 00359pab a2200145 454500 | ||
|---|---|---|---|
| 008 | 180718b2004 xxu||||| |||| 00| 0 eng d | ||
| 100 | _aPanigrahi, Srikanta K. | ||
| 245 | _aSustainable resource use through participation | ||
| 260 | _c2004 | ||
| 300 | _ap.43-48. | ||
| 362 | _aAug | ||
| 650 | _aResources exploitation | ||
| 773 | _aYojana | ||
| 909 | _a61874 | ||
| 999 |
_c61874 _d61874 |
||